000 00248nam a2200097Ia 4500
001 1206230
005 20251009124509.0
008 250824s9999 xx 000 0 und d
245 0 _aBEYOĞLU RAPSODİSİ
_cAHMET ÜMİT
260 _bEVEREST YAYINLARI
999 _c1206230
_d1206230